Trabajo Social /
সংরক্ষণ করুন:
| সংস্থা লেখক: | |
|---|---|
| বিন্যাস: | গ্রন্থ |
| ভাষা: | Spanish |
| প্রকাশিত: |
Santiago, Chile
Pontificia Universidad Católica de Chile. Escuela de Trabajo Social
|
| বিষয়গুলি: | |
| ট্যাগগুলো: |
ট্যাগ যুক্ত করুন
কোনো ট্যাগ নেই, প্রথমজন হিসাবে ট্যাগ করুন!
|
MARC
| LEADER | 00000nam a22000007a 4500 | ||
|---|---|---|---|
| 003 | cru CIDCACS/IIS | ||
| 005 | 20221027062551.0 | ||
| 007 | ta | ||
| 008 | 170228n cl ||||| |||| 00| 0 spa d | ||
| 022 | |a 07162642 | ||
| 040 | |c CRAI/IIS |a CRAI/IIS | ||
| 090 | |a REV0980 | ||
| 110 | 1 | |9 3200 |a Pontificia Universidad Católica de Chile. |b Escuela de Trabajo Social | |
| 245 | 1 | |a Trabajo Social / |c Pontificia Universidad Católica de Chile. Escuela de Trabajo Social | |
| 260 | |a Santiago, Chile |b Pontificia Universidad Católica de Chile. Escuela de Trabajo Social | ||
| 270 | |a Campus San Joaquín Ave. Vicuña Mackenna 4860 | ||
| 500 | |a EXISTENCIAS :1988 (54) 1990 (56-1/57, 2/57) | ||
| 650 | 1 | 0 | |a TEORIA |9 1657 |
| 650 | 1 | 0 | |9 978 |a JUVENTUD |
| 650 | 1 | 0 | |9 89 |a DELINCUENCIA |
| 650 | 1 | 0 | |9 88 |a MUJERES |
| 650 | 0 | |9 3201 |a NIÑOS | |
| 650 | 1 | 0 | |9 861 |a VIVIENDA |
| 942 | |2 ddc |c PP | ||
| 999 | |c 18957 |d 18957 | ||
